The scheme programming language / (Record no. 61784)

000 -LEADER
fixed length control field 01140cam a22002894a 4500
001 - CONTROL NUMBER
control field 13129039
003 - CONTROL NUMBER IDENTIFIER
control field NUST-PNEC
005 - DATE AND TIME OF LATEST TRANSACTION
control field 20170116180731.0
008 - FIXED-LENGTH DATA ELEMENTS--GENERAL INFORMATION
fixed length control field 030319s2003 maua b 001 0 eng
010 ## - LIBRARY OF CONGRESS CONTROL NUMBER
LC control number 2003046449
020 ## - INTERNATIONAL STANDARD BOOK NUMBER
International Standard Book Number 0262541483
040 ## - CATALOGING SOURCE
Original cataloging agency DLC
Transcribing agency PNEC
Modifying agency DLC
042 ## - AUTHENTICATION CODE
Authentication code pcc
050 00 - LIBRARY OF CONGRESS CALL NUMBER
Classification number QA76.73.S34
Item number D93 2003
082 00 - DEWEY DECIMAL CLASSIFICATION NUMBER
Classification number 005.133 DYB
Edition number 21
100 1# - MAIN ENTRY--PERSONAL NAME
Personal name Dybvig, R. Kent.
245 14 - TITLE STATEMENT
Title The scheme programming language /
Statement of responsibility, etc. R. Kent Dybvig.
250 ## - EDITION STATEMENT
Edition statement 3rd ed.
260 ## - PUBLICATION, DISTRIBUTION, ETC.
Place of publication, distribution, etc. Cambridge, Mass. :
Name of publisher, distributor, etc. MIT Press,
Date of publication, distribution, etc. 2003.
300 ## - PHYSICAL DESCRIPTION
Extent xi, 295 p. :
Other physical details ill. ;
Dimensions 23 cm.
504 ## - BIBLIOGRAPHY, ETC. NOTE
Bibliography, etc. note Includes bibliographical references (p. [259]-260) and index.
650 #0 - SUBJECT ADDED ENTRY--TOPICAL TERM
Topical term or geographic name entry element Scheme (Computer program language)
General subdivision Computer, MIS
856 ## - ELECTRONIC LOCATION AND ACCESS
Uniform Resource Identifier <a href="http://www.amazon.com/Scheme-Programming-Language-Kent-Dybvig/dp/0262541483/ref=sr_1_1?s=books&ie=UTF8&qid=1415968648&sr=1-1&keywords=0262541483">http://www.amazon.com/Scheme-Programming-Language-Kent-Dybvig/dp/0262541483/ref=sr_1_1?s=books&ie=UTF8&qid=1415968648&sr=1-1&keywords=0262541483</a>
906 ## - LOCAL DATA ELEMENT F, LDF (RLIN)
a 7
b cbc
c orignew
d 1
e ocip
f 20
g y-gencatlg
942 ## - ADDED ENTRY ELEMENTS (KOHA)
Source of classification or shelving scheme
Koha item type Book
Holdings
Withdrawn status Lost status Source of classification or shelving scheme Damaged status Not for loan Permanent Location Current Location Shelving location Date acquired Source of acquisition Cost, normal purchase price Total Checkouts Full call number Barcode Date last seen Cost, replacement price Price effective from Koha item type
          Pakistan Navy Engineering College (PNEC) Pakistan Navy Engineering College (PNEC)   07/19/2005 Vanguard Books 2455.00   005.133 DYB PNECLIB-027455 11/14/2014 2455.00 07/19/2005 Book
© 2023 Central Library, National University of Sciences and Technology. All Rights Reserved.